Расчёт величины износа металлорежущих инструментов; Прогрессивные технологии и экономика в машиностроении; Т. 1

Detalhes bibliográficos
Parent link:Прогрессивные технологии и экономика в машиностроении: труды III Всероссийской научно-практической конференции, 19-21 мая 2005 года, Юрга/ Томский политехнический университет ; под ред. О. Ю. Ретюнского.— , 2005
Т. 1.— 2005.— С. 57-59
Autor principal: Воробьёв А. В. Александр Владимирович
Idioma:russo
Publicado em: 2005
Assuntos:
Formato: Capítulo de Livro
KOHA link:https://koha.lib.tpu.ru/cgi-bin/koha/opac-detail.pl?biblionumber=129865

MARC

LEADER 00000naa2a2200000 4500
001 129865
005 20251203145401.0
035 |a (RuTPU)RU\TPU\book\140604 
090 |a 129865 
100 |a 20080129d2005 k y0rusy50 ca 
101 0 |a rus 
102 |a RU 
200 1 |a Расчёт величины износа металлорежущих инструментов  |f А. В. Воробьёв 
320 |a Библиогр.: 4 назв. 
461 1 |0 (RuTPU)RU\TPU\book\118979  |t Прогрессивные технологии и экономика в машиностроении  |o труды III Всероссийской научно-практической конференции, 19-21 мая 2005 года, Юрга  |o в 2 т.  |f Томский политехнический университет ; под ред. О. Ю. Ретюнского  |d 2005 
463 0 |0 (RuTPU)RU\TPU\book\118372  |t Т. 1  |v С. 57-59  |d 2005 
610 1 |a износ 
610 1 |a металлорежущие инструменты 
610 1 |a автоматизированное производство 
610 1 |a труды учёных ТПУ 
700 1 |a Воробьёв  |b А. В.  |c специалист в области энергетики  |c доцент Томского политехнического университета, кандидат технических наук  |f 1949-  |g Александр Владимирович  |3 (RuTPU)RU\TPU\pers\26029  |9 11876 
801 1 |a RU  |b 63413507  |c 20080129  |g PSBO 
801 2 |a RU  |b 63413507  |c 20130711  |g PSBO 
942 |c BK